One Piece - Combat ! #2 - Statistiques

Statistiques générales
  • Ce quiz a été pris 82 fois
  • Le résultat moyen est 10 sur 20
Statistiques - réponses
Question Tuile Select % Correct
Don Quichotte Doflamingo Oui
75%
Tony Tony Chopper Oui
70%
Don Quichotte Doflamingo Non
67%
Yamato Oui
62%
Saint Jaygarcia Saturn Oui
59%
Yamato Oui
57%
Saint Jaygarcia Saturn Oui
55%
Monkey D. Garp Oui
55%
Don Quichotte Doflamingo Oui
52%
Tony Tony Chopper Oui
52%
Monkey D. Garp Non
51%
Monkey D. Garp Oui
48%
Monkey D. Garp Non
48%
Don Quichotte Doflamingo Non
46%
Yamato Non
46%
Tony Tony Chopper Non
39%
Tony Tony Chopper Oui
36%
Yamato Oui
32%
Saint Jaygarcia Saturn Non
25%
Saint Jaygarcia Saturn Non
20%
Aucun quiz correspondant
Distribution des résultats
% des personnes avec chaque résultat
Percentile par nombre de réponses
Votre historique - résultats
Vous n’avez pas pris ce quiz